| 000 -ლიდერი |
| ფიქსირებული სიგრძის საკონტროლო ველი |
01777nam a22002777a 4500 |
| 003 - საკონტროლო ნომრის იდენტიფიკატორი |
| საკონტროლო ველი |
Ge_BSU |
| 005 - ბოლო ოპერაციის თარიღი და დრო |
| საკონტროლო ველი |
20241023135410.0 |
| 008 - ფიქსირებული სიგრძის მონაცემთა ელემენტები - ზოგადი ინფორმაცია |
| ფიქსირებული სიგრძის საკონტროლო ველი |
241023s2024 ge ||||| |||| 00| 0 geo d |
| 020 ## - წიგნის საერთაშორისო სტანდარტული ნომერი |
| International Standard Book Number |
9789941338663 |
| 041 ## - ენის კოდი |
| Language code of text/sound track or separate title |
geo |
| 080 ## - უნივერსალური ათობითი კლასიფიკაციის ინდექსი |
| Universal Decimal Classification number |
61(075.8) კ-79 |
| 100 ## - მთავარი ჩანაწერი - პიროვნების სახელი |
| Personal name |
კოხრეიძე, ეკა |
| 9 (RLIN) |
23503 |
| 245 ## - ცნობა სათაურის შესახებ |
| Title |
კვლევის მეთოდების პრინციპები მედიცინაში : |
| Remainder of title |
[სახელმძღვანელო] / |
| Statement of responsibility, etc |
ეკა კოხრეიძე, ბაია კუბლაშვილი; თანაავტორები: ანა გვეტაძე, ნინო მაღრაძე, თამთა კორინთელი; სამეცნიეო რედაქტორი ზაზა ავალიანი; ევროპის უნივერსიტეტი. |
| 264 ## - წარმოების, გამოცემის, დისტრიბუციის და სხვა ცნობები |
| გამოცემის, წარმოების, დისტრიბუციის... ადგილი |
თბილისი, |
| გამოცემის, წარმოების, დისტრიბუციის... თარიღი |
2024. |
| 300 ## - ფიზიკური აღწერა |
| Extent |
158 გვ. ; |
| Other physical details |
24 სმ. |
| 504 ## - BIBLIOGRAPHY, ETC. NOTE |
| Bibliography, etc |
ბიბლიოგრაფია თავების ბოლოს. |
| 653 ## - INDEX TERM--UNCONTROLLED |
| Uncontrolled term |
სამედიცინო კვლევები |
| 700 ## - ADDED ENTRY--PERSONAL NAME |
| Personal name |
კუბლაშვილი, ბაია |
| Relator term |
ავტორი. |
| 9 (RLIN) |
19457 |
| 700 ## - ADDED ENTRY--PERSONAL NAME |
| Personal name |
გვეტაძე, ანა, |
| Relator term |
თანაავტორი |
| 9 (RLIN) |
23504 |
| 700 ## - ADDED ENTRY--PERSONAL NAME |
| Personal name |
მაღრაძე, ნინო |
| Relator term |
თანაავტორი |
| 9 (RLIN) |
23505 |
| 700 ## - ADDED ENTRY--PERSONAL NAME |
| Personal name |
კორინთელი, თამთა |
| Relator term |
თანაავტორი |
| 9 (RLIN) |
23506 |
| 700 ## - ADDED ENTRY--PERSONAL NAME |
| Personal name |
ავალიანი, ზაზა |
| Relator term |
სამეცნიერო რედაქტორი |
| 9 (RLIN) |
23507 |
| 710 ## - ADDED ENTRY--CORPORATE NAME |
| Corporate name or jurisdiction name as entry element |
ევროპის უნივერსიტეტი. |
| 9 (RLIN) |
14006 |
| 773 ## - HOST ITEM ENTRY |
| Title |
ნაჩუქარი |
| 942 ## - ADDED ENTRY ELEMENTS (KOHA) |
| Source of classification or shelving scheme |
|
| Koha item type |
წიგნი |